| 000 | 03242cam a22005178i 4500 | ||
|---|---|---|---|
| 001 | 1954 | ||
| 003 | OCoLC | ||
| 005 | 20260413162019.0 | ||
| 007 | ta | ||
| 008 | 260114s2026 nyu e 001 0 eng | ||
| 010 | _a 2025049595 | ||
| 040 |
_aDLC _beng _erda _cDLC _dOCLCO _dHBP _dZJI _dGO4 _dOF9 _dUAP _dOCO _dIMD _dIK2 _dCD5 _dDYJ _dYEQ _dOCLCO _dVPW |
||
| 020 |
_a9780063487659 _q(hardcover) : _c$32.00 |
||
| 020 |
_a0063487659 _q(hardcover) |
||
| 020 |
_z9780063487666 _q(ebook) |
||
| 035 | _a(OCoLC)1568876886 | ||
| 042 | _apcc | ||
| 050 | 0 | 0 |
_aBS579.H4 _bB74 2026 |
| 082 | 0 | 4 |
_a220.9/2 _223/eng/20260309 |
| 092 |
_a220.92 _bBre |
||
| 049 | _aVPW1 | ||
| 100 | 1 |
_aBream, Shannon, _eauthor. _4aut _4http://id.loc.gov/vocabulary/relators/aut _1https://id.oclc.org/worldcat/entity/E39PBJxWRR7fKDTDcFqFR6pXVC _1http://id.loc.gov/rwo/agents/no2019090210 |
|
| 245 | 1 | 0 |
_aNothing is impossible with God : _bEleven heroes. One God. Endless lessons in overcoming / _cShannon Bream. |
| 250 | _aFirst edition. | ||
| 264 | 1 |
_aNew York, NY : _bFox News Books, _c[2026] |
|
| 300 |
_axiv, 304 pages ; _c22 cm |
||
| 334 |
_asingle unit _bmono _0http://id.loc.gov/vocabulary/issuance/mono |
||
| 336 |
_atext _btxt _2rdacontent _0http://id.loc.gov/vocabulary/contentTypes/txt |
||
| 337 |
_aunmediated _bn _2rdamedia _0http://id.loc.gov/vocabulary/mediaTypes/n |
||
| 338 |
_avolume _bnc _2rdacarrier _0http://id.loc.gov/vocabulary/carriers/nc |
||
| 353 |
_aindex _bindex _0http://id.loc.gov/vocabulary/msupplcont/index |
||
| 500 | _aIncludes index. | ||
| 505 | 0 | _aPart I: Overcoming when you don't understand God's plan. Gideon's Impostery Syndrome: making a choice when you feel overwhelmed -- Moses's Social Anxiety: Speaking up when you're alone -- Peter's Fear: When our tongues are a double-edged sword -- Part II: Overcoming when it's hard to love others. Joseph's family trauma: What to do when every institution fails you -- Jonah's anger: Loving people when you just don't feel like it -- Daniel's integrity: Resisting the culture when it conflicts with y our convictions -- Nehemiah's wisdom: Dreaming big in the face of opposition -- Part III: Overcoming when God feels far away. Noah's patience: Waiting on God in hard times -- Joshua's obedience: Staying an optimist in a pessimist's world -- Elijah's discouragement: how to stop a negative spiral -- Jesus: God with us is the ultimate overcomer. | |
| 520 | _a"If your life doesn't look the way you expected, that doesn't mean God can't use you. The Christian life often doesn't feel like the stained-glass images we remember from childhood--happy, holy, hopeful. But God never promised that we won't have trouble. Rather, He promises to be with us through the storm."--Amazon. | ||
| 650 | 0 | _aHeroes in the Bible. | |
| 650 | 0 |
_aChristian life _xBiblical teaching. |
|
| 650 | 6 |
_aHéros dans la Bible. _0(CaQQLa)201-0169051 |
|
| 650 | 6 |
_aVie chrétienne _xEnseignement biblique. _0(CaQQLa)201-0019087 |
|
| 650 | 7 |
_aRELIGION / Christian Living / Inspirational. _2bisacsh |
|
| 650 | 7 |
_aRELIGION / Christian Living / Personal Growth. _2bisacsh |
|
| 655 | 4 | _aReligion. | |
| 655 | 4 | _aChristian life. | |
| 655 | 7 |
_aBiographies. _2lcgft |
|
| 655 | 7 |
_aSelf-help publications. _2lcgft |
|
| 910 | _an26/4 cr | ||
| 999 |
_c1954 _d1954 |
||